Jang Terempas Dan Terkandas

Bibliographic Details
Main Author: Rusman Sutiasumarca
Format: Book
Published: Djakarta : Balai Pustaka , 1951
Subjects:

MARC

LEADER 00000cam a2200000 7i4500
001 0000108472
005 20141027.0
008 100526 bm
090 0 0 |a KT BOR 
100 1 |a Rusman Sutiasumarca 
245 1 0 |a Jang Terempas Dan Terkandas   |c Rusman Sutiasumarca 
260 |a Djakarta :   |b Balai Pustaka ,   |c 1951 
300 |a 128p. ;   |c 18cm. 
650 0 0 |a Koleksi Tokoh Datuk Borhan Md Yaman 
999 |a 0000265616   |b Buku   |c Koleksi Melaka   |e Perbadanan Perpustakaan Awam Melaka